Estatísticas para Cultura Geral

Clique aqui para jogar o quiz

Estatísticas Gerais

  • Esse quiz foi jogado 27 vezes
  • A pontuação média é 6 de 15

Estatísticas das Respostas

HintResposta% Correto
Quantos lados tem um floco de neve?6
78%
Qual música do filme "Frozen" ganhou um Oscar de Melhor Canção Original?Let it Go
78%
Qual é o nome científico da espécie humana?Homo sapiens
74%
Qual é o maior planeta do sistema solar?Júpiter
70%
Qual é a maior universidade de Portugal?Coimbra
61%
Quem canta a música "Livin' on a Prayer"?Bon Jovi
48%
Quem é o pai do Enrique Iglesias?Julio Iglesias
48%
Quem precedeu Stalin como líder da União Soviética?Lenin
39%
Quem foi destaque na música "Timber" e costumava soletrar o nome dela com um $?Kesha
26%
Qual é o instrumento nacional da Irlanda?Harpa
13%
Qual filme apresentou as músicas "Danger Zone" e "Take My Breath Away"?Top Gun
13%
Em que país fica a sede da empresa Haribo?Alemanha
9%
Qual é o elemento mais comum na atmosfera da Terra?Azoto
9%
Em qual videoclipe o NSYNC dançou como marionetes?Bye bye bye
9%
Qual é a segunda maior cidade da Suécia?Gothenburg
4%

Distribuição das Pontuações

Percentil de Números Respondidos

Porcentagem de Pessoas com Cada Pontuação

Sua Pontuação Histórica

Você não jogou esse quiz